Voices in harmony (Record no. 72311)

MARC details
000 -LEADER
fixed length control field 01292cam a2200193 4500
001 - CONTROL NUMBER
control field X121650
008 - FIXED-LENGTH DATA ELEMENTS--GENERAL INFORMATION
fixed length control field 030318n2003 000 0 eng u
035 ## - SYSTEM CONTROL NUMBER
System control number (Sirsi) u121650
245 ## - TITLE STATEMENT
Title Voices in harmony
260 ## - PUBLICATION, DISTRIBUTION, ETC.
Date of publication, distribution, etc. 2003
490 ## - SERIES STATEMENT
Series statement Estates Gazette
Volume/sequential designation (0310) 8 March 2003, 156-158(3)
520 ## - SUMMARY, ETC.
Summary, etc. A "Mainly for students" article examines the coordination of Birmingham's Eastside regeneration scheme by regional development agency Advantage West Midlands. The Eastside site comprises 82 acres and is located on the eastern edge of Birmingham city centre's main office and retailing area extending into a key industrial area. Article highlights a number of factors that influence the success of regeneration schemes and outlines the regeneration process. Looks at strategic planning issues, securing appropriate uses, 'pump-priming', strategic acquisition, negotiation or compulsory purchase orders, the risk for speculators, working with landowners, the release of serviced plots for sale, ongoing management and the role of surveyors. Lists the key stages in the process of regenerating urban areas.
650 ## - SUBJECT ADDED ENTRY--TOPICAL TERM
Topical term or geographic name entry element BIRMINGHAM
650 ## - SUBJECT ADDED ENTRY--TOPICAL TERM
Topical term or geographic name entry element URBAN REGENERATION
650 ## - SUBJECT ADDED ENTRY--TOPICAL TERM
Topical term or geographic name entry element REGENERATION SCHEMES
650 ## - SUBJECT ADDED ENTRY--TOPICAL TERM
Topical term or geographic name entry element REGIONAL DEVELOPMENT AGENCIES
690 ## - LOCAL SUBJECT ADDED ENTRY--TOPICAL TERM (OCLC, RLIN)
Topical term or geographic name as entry element REGENERATION
942 ## - ADDED ENTRY ELEMENTS (KOHA)
Suppress in OPAC 0
Holdings
Withdrawn status Lost status Source of classification or shelving scheme Damaged status Not for loan Home library Current library Shelving location Date acquired Total Checkouts Full call number Barcode Date last seen Copy number Price effective from Koha item type
    Dewey Decimal Classification     London London Journal article 18/03/2003   X121650 121650-1001 06/08/2019 1 06/08/2019 Journal article